Estadísticas para Paradas del metro de Madrid

Haz click aquí para intentar la prueba.

Estadísticas generales

  • Esta prueba ha sido intentada 1.172 veces
    (1.168 desde el último reinicio)
  • La puntuación promedio es 79 de 244

Estadísticas de respuestas

LíneasParada% Correcto
1, 2, 3Sol
88%
3, 6Moncloa
77%
1Atocha
74%
6, 8, 10Nuevos Ministerios
73%
1, 5Gran Vía
71%
3, 5Callao
70%
3, 4, 6Argüelles
69%
1, 10Chamartín
67%
2, 3, 10Plaza de España
66%
6, 10, RPríncipe Pío
66%
8Aeropuerto T1 - T2 - T3
63%
8Aeropuerto T4
63%
4, 6, 7, 9Avenida de América
63%
1, 2Cuatro Caminos
63%
2, 4Goya
62%
2, 5, RÓpera
59%
10Santiago Bernabéu
59%
1, 10Tribunal
59%
1, 4Bilbao
58%
2Retiro
58%
5, 10Casa de Campo
57%
1, 9, 10Plaza de Castilla
57%
5Chueca
56%
6Ciudad Universitaria
56%
7Pitis
55%
2Sevilla
54%
4Colón
53%
4, 5, 10Alonso Martínez
52%
5La Latina
52%
3, 6Legazpi
52%
8, 9Colombia
51%
2Banco de España
50%
3Villaverde Alto
50%
7, 10Gregorio Marañón
49%
8Barajas
48%
5Carabanchel
48%
4, 5, 6Diego de León
47%
1, 4Pinar de Chamartín
47%
3Lavapiés
46%
1Puente de Vallecas
46%
2Quevedo
45%
4Serrano
45%
1Tetuán
45%
2, 5Ventas
45%
3, 5Embajadores
44%
1Iglesia
44%
10Cuzco
43%
6, 7Guzmán el Bueno
43%
10Hospital Infanta Sofía
43%
10Lago
43%
5, 6Oporto
43%
6, 11Plaza Elíptica
43%
3Villaverde Bajo - Cruce
43%
1Antón Martín
42%
10Batán
42%
1, 6Pacífico
42%
10, 12Puerta del Sur
42%
5Aluche
41%
6Usera
41%
4Velázquez
41%
4, 8Mar de Cristal
40%
2, 9Príncipe de Vergara
40%
6República Argentina
40%
1Alvarado
39%
7Islas Filipinas
39%
6Méndez Álvaro
39%
6Metropolitano
39%
9Paco de Lucía
39%
5Puerta de Toledo
39%
1Ríos Rosas
39%
2Santo Domingo
39%
2, 7Canal
38%
5Canillejas
38%
5Ciudad Lineal
38%
1Estrecho
38%
2, 4San Bernardo
38%
1Tirso de Molina
38%
6Arganzuela - Planetario
37%
1Bambú
37%
5Pirámides
37%
9Rivas Futura
37%
9Rivas - Urbanizaciones
37%
9Rivas Vaciamadrid
37%
6, 9Sainz de Baranda
37%
5Alameda de Osuna
36%
9Ibiza
36%
2, 3, 10Noviciado
36%
1Atocha Renfe
35%
1Buenos Aires
35%
10Cuatro Vientos
35%
12Getafe Central
35%
6Opañel
35%
7San Blas
35%
1Valdecarros
35%
12Alcorcón Central
34%
9Arganda del Rey
34%
2Las Rosas
34%
2, 6Manuel Becerra
34%
12Móstoles Central
34%
3Ventura Rodríguez
34%
5Campamento
33%
9Pío XII
33%
6Puerta del Ángel
33%
10Tres Olivos
33%
9Estrella
32%
3Hospital 12 de Octubre
32%
2La Elipa
32%
11La Peseta
32%
1Las Suertes
32%
5, 7Pueblo Nuevo
32%
9Barrio del Pilar
31%
4Canillas
31%
11Carabanchel Alto
31%
6Conde de Casal
31%
3Delicias
31%
10Fuencarral
31%
11La Fortuna
31%
9Puerta de Arganda
31%
5Rubén Darío
31%
9Vicálvaro
31%
1Villa de Vallecas
31%
11Abrantes
30%
6Alto de Extremadura
30%
4Arturo Soria
30%
10Aviación Española
30%
9Concha Espina
30%
1La Gavia
30%
11Pan Bendito
30%
1Portazgo
29%
1Valdeacederas
29%
1Nueva Numancia
28%
9Vinateros
28%
2Alsacia
27%
10Begoña
27%
10Las Tablas
27%
5Quintana
27%
9Artilleros
26%
5El Carmen
26%
6Laguna
26%
10La Moraleja
26%
6Lucero
26%
5Marqués de Vadillo
26%
1Miguel Hernández
26%
5, 9Núñez de Balboa
26%
6O' Donnell
26%
3Palos de la Frontera
26%
10Reyes Católicos
26%
4Alfonso XIII
25%
5Empalme
25%
9Herrera Oria
25%
12Manuela Malasaña
25%
9Mirasierra
25%
5Suanzes
25%
12Universidad Rey Juan Carlos
25%
1Alto del Arenal
24%
7Antonio Machado
24%
7Barrio de la Concepción
24%
10Colonia Jardín
24%
4Esperanza
24%
5Eugenia de Montijo
24%
12Hospital de Fuenlabrada
24%
12Hospital Severo Ochoa
24%
12Leganés Central
24%
4Lista
24%
1Menéndez Pelayo
24%
7Parque de las Avenidas
24%
9Pavones
24%
3San Fermín - Orcasur
24%
1Sierra de Guadalupe
24%
2Avenida de Guadalajara
23%
4Avenida de la Paz
23%
1Congosto
23%
7Las Musas
23%
5Vista Alegre
23%
7Alonso Cano
22%
7Avenida de la Ilustración
22%
8Campo de las Naciones
22%
9La Poveda
22%
12Parque de los Estados
22%
8Pinar del Rey
22%
9San Cipriano
22%
5Urgel
22%
9Valdebernardo
22%
3Almendrales
21%
7Ascao
21%
6Carpetana
21%
7Cartagena
21%
5El Capricho
21%
4Hortaleza
21%
12Hospital de Móstoles
21%
12Parque Lisboa
21%
11San Francisco
21%
3Ciudad de los Ángeles
20%
9Cruz del Rayo
20%
3, 12El Casar
20%
7Estadio Olímpico
20%
7Francos Rodríguez
20%
7Henares
20%
7Hospital del Henares
20%
10Joaquín Vilumbrales
20%
12Parque Oeste
20%
7San Fernando
20%
4San Lorenzo
20%
5Torre Arias
20%
10Baunatal
19%
2La Almudena
19%
10Montecarmelo
19%
12San Nicasio
19%
9Ventilla
19%
12Casa del Reloj
18%
9Duque de Pastrana
18%
7Lacoma
18%
4Manoteras
18%
4Parque de Santa María
18%
10Ronda de la Comunicación
18%
7Coslada Central
17%
7García Noblejas
17%
4Prosperidad
17%
3San Cristóbal
17%
7Simancas
17%
10La Granja
16%
12Arroyo Culebro
15%
12Conservatorio
15%
7Jarama
15%
12Juan de la Cierva
15%
10Manuel de Falla
15%
7Valdezarza
14%
12El Bercial
13%
12El Carrascal
13%
7Peñagrande
13%
12Loranca
12%
7Barrio del Puerto
11%
12Julián Besteiro
11%
7La Rambla
11%
12Los Espartales
10%
12Alonso de Mendoza
9%
12Pradillo
9%
7Arroyo del Fresno
7%
12Móstoles Sur
7%
10Marqués de Valdavia
6%
12Poza del Agua
6%
12Los Rosales
4%
12El Vivero
2%
12La Pollina
2%

Distribución de puntuación

Porcentaje por número respondido

Porcentaje de gente con cada puntuación

Historial de tus puntuaciones

No has intentado esta prueba desde el último reinicio